Isonomía: revista de teoría y filosofía del derecho
| Medienart: | Elektronisch Zeitschrift |
|---|---|
| Sprache: | Spanisch |
| Veröffentlicht: |
[Erscheinungsort nicht ermittelbar]
[Verlag nicht ermittelbar]
1994-
|
| In: | Jahr: 1994 |
| Online-Zugang: |
Volltext (Frontdoor-Url) Volltext (kostenfrei) Volltext (kostenfrei) |
| Verfügbarkeit prüfen: | HBZ Gateway |
| Bände / Aufsätze: | Bände / Aufsätze anzeigen. |
| Schlagwörter: |
MARC
| LEADER | 00000cas a2200000 c 4500 | ||
|---|---|---|---|
| 001 | 37375633X | ||
| 003 | DE-627 | ||
| 005 | 20240419202459.0 | ||
| 007 | cr ||||||||||| | ||
| 008 | 031120c19949999sp z| p|o 0 |0spa c | ||
| 016 | 7 | |a 025313452 |2 DE-101 | |
| 016 | 7 | |a 2126885-X |2 DE-600 | |
| 035 | |a (DE-627)37375633X | ||
| 035 | |a (DE-576)262796899 | ||
| 035 | |a (DE-599)ZDB2126885-X | ||
| 035 | |a (OCoLC)1368152147 | ||
| 040 | |a DE-627 |b ger |c DE-627 |e rakwb | ||
| 041 | |a spa | ||
| 044 | |c XA-ES | ||
| 082 | 0 | 4 | |a 340 |q DE-600 |
| 245 | 0 | 0 | |a Isonomía |b revista de teoría y filosofía del derecho |
| 264 | 3 | 1 | |a [Erscheinungsort nicht ermittelbar] |b [Verlag nicht ermittelbar] |c 1994- |
| 300 | |a Online-Ressource | ||
| 336 | |a Text |b txt |2 rdacontent | ||
| 337 | |a Computermedien |b c |2 rdamedia | ||
| 338 | |a Online-Ressource |b cr |2 rdacarrier | ||
| 362 | 0 | |a Nr. 1.1994 - | |
| 363 | 0 | 1 | |a 1 |i 1994 |
| 500 | |a Gesehen am 31.08.20 | ||
| 655 | 7 | |a Zeitschrift |0 (DE-588)4067488-5 |0 (DE-627)10454466X |0 (DE-576)20917000X |2 gnd-content | |
| 776 | 1 | |x 1405-0218 | |
| 856 | 4 | 0 | |u https://ezb.ur.de/?2126885-X |x Frontdoor-Url |7 1 |
| 856 | 4 | 0 | |u http://www.cervantesvirtual.com/portal/DOXA/isonomia.shtml |x Verlag |z kostenfrei |7 0 |
| 856 | 4 | 0 | |u http://www.isonomia.itam.mx/index.php/revista-cientifica |x Verlag |z kostenfrei |7 0 |
| 951 | |a JT | ||
| ELC | |a 1 | ||
| OAS | |a 1 | ||
| ORI | |a WA-MARC-krimdokb001.raw | ||
| SPR | |a 1 |t KRI | ||
